banner-ar

THE EMPOWERMENT OF WOMEN: WATER AND SANITATION INITIATIVES IN RURAL EGYPT / (Record no. 25847)

MARC details
000 -الفاتح
حقل البيانات ثابتة الطول 00599nam a2200193Ia 4500
008 - عناصر البيانات ثابتة الطول - معلومات عامة
حقل البيانات ثابتة الطول 140319s9999 xx 000 0 eng d
040 ## - مصدر الفهرسة
وكالة الفهرسة الأصلية GCL /
وكالة النسخ GCL
082 04 - رقم تصنيف ديوى العشرى
رقم التصنيف P
رقم المادة 300.5
-- K E
100 1# - المدخل الرئيسى - إسم شخصى
الإسم الشخصى EL KATSHHA,SAMIHA
245 10 - بيان العنوان
العنوان THE EMPOWERMENT OF WOMEN: WATER AND SANITATION INITIATIVES IN RURAL EGYPT /
بيان المسئوليه,etc EL KATSHHA,SAMIHA
700 1# - المدخل الاضافى - اسم شخصى
الإسم الشخصى WATTS, SUSAN
260 ## - PUBLICATION, DISTRIBUTION, ETC. (IMPRINT)
تاريخ النشر أو التوزيع 1993
300 ## - الوصف المادى
التعداد 99
490 ## - بيان السلسلة
عنوان السلسلة THE WADSWORTH INTERNATIONAL DIMENSION OF BUSINESS
رقم المجلد/ التعيين التسلسلي 0
650 04 - المدخل الاضافى بالموضوع-مصطلح موضوعى
مصطلح موضوعي PERIODICALS
650 04 - المدخل الاضافى بالموضوع-مصطلح موضوعى
مصطلح موضوعي SOCIAL SCIENCE
942 ## - عناصر المدخل الإضافي( كوها)
مصدر التصنيف او مخطط الترفيف Dewey Decimal Classification
Koha [default] item type الدوريات
260 ## - PUBLICATION, DISTRIBUTION, ETC. (IMPRINT)
-- [S.N] :
-- AMERICAN UNIVERSITY IN CAIRO PRESS ،
Holdings
حالة التراجع حالة الفقد حالة تلف ليس للاعارة المكان المؤقت الموقع الحالى تاريخ الاكتساب اجمالي اﻻعارات رقم الطلب الباركود تاريخ اخر مشاهدة تاريخ تفعيل السعر نوع وعاء كوها
        مكتبة القاهرة الكبرى مكتبة القاهرة الكبرى 03/26/2014   P\300.5\K E 45813 03/26/2014 03/26/2014 الدوريات
        مكتبة القاهرة الكبرى مكتبة القاهرة الكبرى 03/26/2014   P\300.5\K E 45814 03/26/2014 03/26/2014 الدوريات

Powered By

EGPV